Statistiken für Alle Pokemon mit "U"

Klicken Sie hier um das Quiz zu spielen!

Allgemein

  • Dieses Quiz wurde 243 mal gespielt
    (90 seit der letzten Aktualisierung)
  • Das Durchschnittsergebnis liegt bei 3 aus 6

Antwortstatistiken

HintAntwort% Korrekt
Johto (1)217Ursaring
76%
Kanto (1)070Ultrigaria
71%
Kalos(1)715UHaFnir
60%
Hisui (1)901Ursaluna
38%
Einall (1)538Unratütox
33%
Galar (1)845Urgl
33%

Verteilung der Resultate

Perzentil nach korrekt beantworteten Fragen

Anzahl Personen mit jedem Resultat

Ihre Resultats-Entwicklung

Sie haben dieses Quiz seit der letzten Aktualisierung nicht gespielt